[Event "45th FIDE Chess Olympiad Open"]
[Site "Budapest, Hungary"]
[Date "2024.09.21"]
[Round "10"]
[White "Stratonowitsch, Andre"]
[Black "Celis, Joel"]
[Result "1-0"]
[Board "329"]
[WhiteFideId "24613959"]
[BlackFideId "15400212"]
[WhiteTitle "FM"]
[BlackTitle "FM"]
[WhiteElo "2154"]
[BlackElo "1929"]
[WhiteTeam "Seychelles"]
[BlackTeam "Macau"]
[WhiteClock "0:03:53"]
[BlackClock "0:00:33"]
[Variant "Standard"]

1. e4 {[%clk 1:30:55]}  d5 {[%clk 1:30:43]} 2. exd5 {[%clk 1:31:15]}  Qxd5 {[%clk 1:31:08]} 3. Nc3 {[%clk 1:31:28]}  Qa5 {[%clk 1:31:23]} 4. Bc4 {[%clk 1:31:34]}  Nf6 {[%clk 1:31:08]} 5. Nf3 {[%clk 1:31:17]}  Bg4 {[%clk 1:31:15]} 6. h3 {[%clk 1:31:28]}  Bh5 {[%clk 1:31:19]} 7. O-O {[%clk 1:28:30]}  e6 {[%clk 1:30:58]} 8. Qe2 {[%clk 1:23:17]}  Bd6 {[%clk 1:26:48]} 9. Nb5 {[%clk 1:08:27]}  O-O {[%clk 1:20:16]} 10. c3 {[%clk 1:04:50]}  a6 {[%clk 1:13:38]} 11. b4 {[%clk 1:03:56]}  Qb6 {[%clk 1:12:58]} 12. Nxd6 {[%clk 1:01:59]}  cxd6 {[%clk 1:13:03]} 13. Qe3 {[%clk 0:55:13]}  Qc7 {[%clk 1:06:13]} 14. Bb3 {[%clk 0:51:22]}  Nbd7 {[%clk 1:06:20]} 15. c4 {[%clk 0:45:41]}  a5 {[%clk 1:00:13]} 16. bxa5 {[%clk 0:44:48]}  e5 {[%clk 0:57:32]} 17. Bb2 {[%clk 0:44:57]}  Rxa5 {[%clk 0:56:58]} 18. d4 {[%clk 0:44:02]}  Re8 {[%clk 0:54:17]} 19. dxe5 {[%clk 0:38:55]}  dxe5 {[%clk 0:52:20]} 20. Rfe1 {[%clk 0:36:43]}  h6 {[%clk 0:30:32]} 21. Bc3 {[%clk 0:35:26]}  Rc5 {[%clk 0:30:26]} 22. Bb4 {[%clk 0:34:01]}  Rc6 {[%clk 0:30:29]} 23. Rac1 {[%clk 0:32:58]}  Nc5 {[%clk 0:27:35]} 24. Bxc5 {[%clk 0:14:03]}  Rxc5 {[%clk 0:27:51]} 25. Nd2 {[%clk 0:14:32]}  Bg6 {[%clk 0:26:09]} 26. Nb1 {[%clk 0:13:59]}  Bxb1 {[%clk 0:24:32]} 27. Rxb1 {[%clk 0:14:20]}  Nd7 {[%clk 0:24:12]} 28. Ba4 {[%clk 0:11:29]}  Rxc4 {[%clk 0:23:01]} 29. Bb5 {[%clk 0:11:57]}  Rd4 {[%clk 0:20:13]} 30. Qxd4 {[%clk 0:09:23]}  exd4 {[%clk 0:20:24]} 31. Rxe8+ {[%clk 0:09:48]}  Kh7 {[%clk 0:18:46]} 32. Bxd7 {[%clk 0:07:52]}  Qxd7 {[%clk 0:18:30]} 33. Re2 {[%clk 0:07:48]}  b5 {[%clk 0:13:43]} 34. Reb2 {[%clk 0:06:32]}  d3 {[%clk 0:13:38]} 35. Rd2 {[%clk 0:06:50]}  Qd5 {[%clk 0:13:08]} 36. Rb3 {[%clk 0:06:50]}  Qe5 {[%clk 0:11:35]} 37. Rbxd3 {[%clk 0:06:55]}  b4 {[%clk 0:09:51]} 38. g3 {[%clk 0:07:18]}  g5 {[%clk 0:07:56]} 39. Kh2 {[%clk 0:05:45]}  Kg6 {[%clk 0:07:28]} 40. Rd4 {[%clk 0:04:44]}  Qc5 {[%clk 0:07:40]} 41. Rd6+ {[%clk 0:04:22]}  f6 {[%clk 0:07:58]} 42. R6d3 {[%clk 0:03:50]}  h5 {[%clk 0:07:30]} 43. Rb3 {[%clk 0:03:26]}  f5 {[%clk 0:03:01]} 44. Rdb2 {[%clk 0:01:40]}  f4 {[%clk 0:01:54]} 45. Rxb4 {[%clk 0:26:10]}  f3 {[%clk 0:31:15]} 46. a4 {[%clk 0:24:54]}  Qd5 {[%clk 0:29:07]} 47. Rb1 {[%clk 0:21:54]}  Qa2 {[%clk 0:25:32]} 48. Kg1 {[%clk 0:21:40]}  Kh6 {[%clk 0:25:46]} 49. Rb7 {[%clk 0:21:08]}  Kg6 {[%clk 0:25:26]} 50. a5 {[%clk 0:20:37]}  Kf5 {[%clk 0:20:53]} 51. a6 {[%clk 0:19:50]}  Qxa6 {[%clk 0:14:38]} 52. Rf7+ {[%clk 0:18:21]}  Kg6 {[%clk 0:08:14]} 53. Rxf3 {[%clk 0:18:35]}  g4 {[%clk 0:07:37]} 54. hxg4 {[%clk 0:18:18]}  hxg4 {[%clk 0:07:55]} 55. Rf4 {[%clk 0:18:31]}  Kg5 {[%clk 0:05:42]} 56. Rbb4 {[%clk 0:17:24]}  Qa1+ {[%clk 0:06:05]} 57. Kh2 {[%clk 0:17:37]}  Qh8+ {[%clk 0:06:23]} 58. Kg1 {[%clk 0:17:22]}  Qa1+ {[%clk 0:06:45]} 59. Kg2 {[%clk 0:17:40]}  Qa8+ {[%clk 0:07:04]} 60. Rbe4 {[%clk 0:18:03]}  Qb7 {[%clk 0:07:10]} 61. Rxg4+ {[%clk 0:18:13]}  Kf5 {[%clk 0:06:41]} 62. Rgf4+ {[%clk 0:17:15]}  Kg5 {[%clk 0:07:02]} 63. Kh2 {[%clk 0:16:42]}  Qb8 {[%clk 0:06:43]} 64. Rg4+ {[%clk 0:16:14]}  Kf5 {[%clk 0:05:55]} 65. Ref4+ {[%clk 0:16:22]}  Ke5 {[%clk 0:06:10]} 66. Rg5+ {[%clk 0:15:57]}  Ke6 {[%clk 0:06:23]} 67. Rh5 {[%clk 0:14:22]}  Qa7 {[%clk 0:05:09]} 68. Kg2 {[%clk 0:13:55]}  Qb7+ {[%clk 0:04:53]} 69. Rf3 {[%clk 0:14:05]}  Qa8 {[%clk 0:04:53]} 70. Rh1 {[%clk 0:14:11]}  Qb7 {[%clk 0:04:42]} 71. Re1+ {[%clk 0:14:34]}  Kd6 {[%clk 0:04:52]} 72. Ree3 {[%clk 0:14:09]}  Qa8 {[%clk 0:05:10]} 73. g4 {[%clk 0:14:26]}  Kd7 {[%clk 0:04:41]} 74. g5 {[%clk 0:13:48]}  Qg8 {[%clk 0:04:43]} 75. Rg3 {[%clk 0:13:48]}  Qg6 {[%clk 0:05:02]} 76. Ref3 {[%clk 0:13:16]}  Ke7 {[%clk 0:05:01]} 77. Rf4 {[%clk 0:11:19]}  Kd7 {[%clk 0:04:42]} 78. Rgg4 {[%clk 0:10:24]}  Qc6+ {[%clk 0:04:28]} 79. Rf3 {[%clk 0:09:51]}  Qg6 {[%clk 0:04:48]} 80. Rf6 {[%clk 0:09:49]}  Qh5 {[%clk 0:04:38]} 81. f3 {[%clk 0:09:07]}  Qe8 {[%clk 0:04:14]} 82. Rd4+ {[%clk 0:07:20]}  Kc7 {[%clk 0:04:14]} 83. Re4 {[%clk 0:07:09]}  Qb5 {[%clk 0:03:53]} 84. Re7+ {[%clk 0:05:49]}  Kd8 {[%clk 0:04:05]} 85. Rg7 {[%clk 0:04:53]}  Ke8 {[%clk 0:03:46]} 86. Kg3 {[%clk 0:04:18]}  Qe5+ {[%clk 0:01:26]} 87. Kg4 {[%clk 0:04:20]}  Qh2 {[%clk 0:01:11]} 88. Rf4 {[%clk 0:03:23]}  Qg2+ {[%clk 0:01:19]} 89. Kf5 {[%clk 0:03:28]}  Qc2+ {[%clk 0:01:40]} 90. Re4+ {[%clk 0:03:34]}  Kf8 {[%clk 0:01:44]} 91. Rge7 {[%clk 0:03:46]}  Qc5+ {[%clk 0:01:38]} 92. Kg6 {[%clk 0:03:40]}  Qc6+ {[%clk 0:00:33]} 93. R7e6 {[%clk 0:03:53]} 1-0

[Event "45th FIDE Chess Olympiad Open"]
[Site "Budapest, Hungary"]
[Date "2024.09.21"]
[Round "10"]
[White "Mak, Tong Kuan"]
[Black "Meier, Peter"]
[Result "1-0"]
[Board "330"]
[WhiteFideId "15400166"]
[BlackFideId "9800158"]
[WhiteTitle "CM"]
[WhiteElo "1902"]
[BlackElo "2062"]
[WhiteTeam "Macau"]
[BlackTeam "Seychelles"]
[WhiteClock "0:05:41"]
[BlackClock "0:04:57"]
[Variant "Standard"]

1. e4 {[%clk 1:30:50]}  c5 {[%clk 1:30:58]} 2. Nf3 {[%clk 1:31:11]}  g6 {[%clk 1:31:26]} 3. c4 {[%clk 1:29:55]}  Bg7 {[%clk 1:31:53]} 4. d4 {[%clk 1:29:01]}  cxd4 {[%clk 1:32:21]} 5. Nxd4 {[%clk 1:29:25]}  Nc6 {[%clk 1:32:45]} 6. Be3 {[%clk 1:29:37]}  Nf6 {[%clk 1:33:12]} 7. Nc3 {[%clk 1:29:53]}  O-O {[%clk 1:33:39]} 8. Be2 {[%clk 1:30:10]}  d6 {[%clk 1:32:09]} 9. O-O {[%clk 1:30:29]}  Nxd4 {[%clk 1:31:21]} 10. Bxd4 {[%clk 1:30:42]}  Be6 {[%clk 1:31:42]} 11. b3 {[%clk 1:25:06]}  Nd7 {[%clk 1:27:46]} 12. f4 {[%clk 1:15:11]}  Bxd4+ {[%clk 1:23:38]} 13. Qxd4 {[%clk 1:15:39]}  Qb6 {[%clk 1:23:43]} 14. Rad1 {[%clk 1:15:53]}  f6 {[%clk 1:22:50]} 15. Bf3 {[%clk 1:11:53]}  Rab8 {[%clk 1:21:22]} 16. Rfe1 {[%clk 1:04:22]}  Qxd4+ {[%clk 1:14:11]} 17. Rxd4 {[%clk 1:04:43]}  g5 {[%clk 1:11:16]} 18. Nd5 {[%clk 1:01:10]}  Bxd5 {[%clk 1:01:23]} 19. exd5 {[%clk 1:00:05]}  Rf7 {[%clk 1:01:35]} 20. g3 {[%clk 0:37:50]}  gxf4 {[%clk 0:58:41]} 21. gxf4 {[%clk 0:38:18]}  Rg7+ {[%clk 0:58:35]} 22. Kf2 {[%clk 0:38:24]}  b5 {[%clk 0:57:45]} 23. cxb5 {[%clk 0:33:20]}  Rxb5 {[%clk 0:56:47]} 24. Rc1 {[%clk 0:33:37]}  Nb6 {[%clk 0:46:36]} 25. Rc3 {[%clk 0:23:33]}  Kf8 {[%clk 0:34:25]} 26. a4 {[%clk 0:22:27]}  Ra5 {[%clk 0:27:49]} 27. Rd1 {[%clk 0:20:15]}  Ke8 {[%clk 0:25:06]} 28. Be4 {[%clk 0:16:25]}  Kd8 {[%clk 0:17:36]} 29. Bf5 {[%clk 0:14:37]}  e5 {[%clk 0:17:33]} 30. Be6 {[%clk 0:14:32]}  Nd7 {[%clk 0:13:43]} 31. Rc6 {[%clk 0:09:24]}  Rc5 {[%clk 0:09:26]} 32. Rxd6 {[%clk 0:07:24]}  exf4 {[%clk 0:08:57]} 33. Rc6 {[%clk 0:06:49]}  Ra5 {[%clk 0:07:37]} 34. Rdc1 {[%clk 0:05:30]}  Nb6 {[%clk 0:07:14]} 35. d6 {[%clk 0:05:39]}  Rd7 {[%clk 0:04:53]} 36. Bxd7 {[%clk 0:05:58]}  Kxd7 {[%clk 0:05:17]} 37. R1c5 {[%clk 0:05:25]}  Rxc5 {[%clk 0:05:15]} 38. Rxc5 {[%clk 0:05:54]}  Kxd6 {[%clk 0:05:23]} 39. Ra5 {[%clk 0:05:24]}  Nc8 {[%clk 0:04:56]} 40. Kf3 {[%clk 0:05:34]}  Ke6 {[%clk 0:04:57]} 41. Kxf4 {[%clk 0:05:41]} 1-0

[Event "45th FIDE Chess Olympiad Open"]
[Site "Budapest, Hungary"]
[Date "2024.09.21"]
[Round "10"]
[White "Pillay, Ragul"]
[Black "Wong, Kai Meng"]
[Result "0-1"]
[Board "331"]
[WhiteFideId "9800174"]
[BlackFideId "15400263"]
[WhiteElo "1633"]
[BlackElo "1795"]
[WhiteTeam "Seychelles"]
[BlackTeam "Macau"]
[WhiteClock "0:06:37"]
[BlackClock "0:44:50"]
[Variant "Standard"]

1. d4 {[%clk 1:30:56]}  Nf6 {[%clk 1:30:52]} 2. c4 {[%clk 1:31:16]}  e6 {[%clk 1:31:13]} 3. Nc3 {[%clk 1:31:34]}  d5 {[%clk 1:31:29]} 4. cxd5 {[%clk 1:29:12]}  exd5 {[%clk 1:31:50]} 5. Bg5 {[%clk 1:26:28]}  Be7 {[%clk 1:31:56]} 6. Nf3 {[%clk 1:26:16]}  O-O {[%clk 1:31:58]} 7. e3 {[%clk 1:25:44]}  c6 {[%clk 1:31:27]} 8. Be2 {[%clk 1:20:52]}  Re8 {[%clk 1:29:59]} 9. O-O {[%clk 1:16:19]}  Nbd7 {[%clk 1:30:19]} 10. Re1 {[%clk 1:12:34]}  Ne4 {[%clk 1:29:52]} 11. Nxe4 {[%clk 1:08:52]}  dxe4 {[%clk 1:30:12]} 12. Bxe7 {[%clk 1:08:39]}  Qxe7 {[%clk 1:30:28]} 13. Nd2 {[%clk 1:05:02]}  Qg5 {[%clk 1:30:43]} 14. Bg4 {[%clk 1:01:39]}  f5 {[%clk 1:27:16]} 15. Qb3+ {[%clk 0:59:12]}  Kh8 {[%clk 1:26:50]} 16. Bh3 {[%clk 0:56:43]}  Nf6 {[%clk 1:26:14]} 17. Qf7 {[%clk 0:45:58]}  Rb8 {[%clk 1:22:39]} 18. Qc7 {[%clk 0:43:04]}  Be6 {[%clk 1:22:45]} 19. Qg3 {[%clk 0:40:04]}  Qh6 {[%clk 1:22:58]} 20. Nb3 {[%clk 0:36:01]}  b6 {[%clk 1:17:39]} 21. Rac1 {[%clk 0:34:02]}  Rbc8 {[%clk 1:17:56]} 22. Qd6 {[%clk 0:32:43]}  g5 {[%clk 1:16:15]} 23. d5 {[%clk 0:25:34]}  Rcd8 {[%clk 1:10:39]} 24. Qg3 {[%clk 0:20:12]}  Rxd5 {[%clk 1:08:01]} 25. f3 {[%clk 0:20:18]}  g4 {[%clk 1:07:49]} 26. fxg4 {[%clk 0:18:38]}  fxg4 {[%clk 1:08:07]} 27. Bxg4 {[%clk 0:17:59]}  Nxg4 {[%clk 1:07:42]} 28. Rxc6 {[%clk 0:17:13]}  Qg7 {[%clk 0:59:44]} 29. Nd4 {[%clk 0:15:59]}  Bd7 {[%clk 0:52:55]} 30. Rc7 {[%clk 0:15:47]}  Nxe3 {[%clk 0:53:02]} 31. Qxg7+ {[%clk 0:09:26]}  Kxg7 {[%clk 0:53:26]} 32. Rxe3 {[%clk 0:09:24]}  Rxd4 {[%clk 0:53:47]} 33. Rxa7 {[%clk 0:09:25]}  Kh8 {[%clk 0:52:16]} 34. h3 {[%clk 0:08:51]}  Bb5 {[%clk 0:44:37]} 35. Rg3 {[%clk 0:07:11]}  e3 {[%clk 0:44:27]} 36. Rgg7 {[%clk 0:07:13]}  Rd7 {[%clk 0:44:30]} 37. Raxd7 {[%clk 0:06:37]}  Bxd7 {[%clk 0:44:50]} 0-1

[Event "45th FIDE Chess Olympiad Open"]
[Site "Budapest, Hungary"]
[Date "2024.09.21"]
[Round "10"]
[White "Koumba, Mounguen Jose Evrard"]
[Black "Bhakta Bahadur Monger"]
[Result "0-1"]
[Board "333"]
[WhiteFideId "645010"]
[BlackFideId "17500737"]
[WhiteElo "1957"]
[BlackElo "1911"]
[WhiteTeam "Gabon"]
[BlackTeam "Bhutan"]
[WhiteClock "0:35:25"]
[BlackClock "0:23:46"]
[Variant "Standard"]

1. e4 {[%clk 1:30:57]}  e6 {[%clk 1:30:42]} 2. d4 {[%clk 1:31:13]}  d5 {[%clk 1:31:04]} 3. Nc3 {[%clk 1:31:36]}  dxe4 {[%clk 1:30:37]} 4. Nxe4 {[%clk 1:31:58]}  Bd7 {[%clk 1:30:39]} 5. c4 {[%clk 1:30:56]}  Bc6 {[%clk 1:28:27]} 6. Ng3 {[%clk 1:26:46]}  Nf6 {[%clk 1:26:40]} 7. a3 {[%clk 1:24:34]}  Be7 {[%clk 1:22:43]} 8. Be3 {[%clk 1:24:52]}  Nbd7 {[%clk 1:20:53]} 9. Nf3 {[%clk 1:23:55]}  O-O {[%clk 1:17:47]} 10. Bd3 {[%clk 1:24:09]}  b6 {[%clk 1:15:26]} 11. O-O {[%clk 1:24:05]}  Bb7 {[%clk 1:15:32]} 12. Qe2 {[%clk 1:21:10]}  c5 {[%clk 1:14:34]} 13. Rad1 {[%clk 1:21:12]}  Qc7 {[%clk 1:12:59]} 14. Rd2 {[%clk 1:13:12]}  Rfe8 {[%clk 1:00:49]} 15. Bb1 {[%clk 1:10:53]}  Rad8 {[%clk 0:58:32]} 16. Rfd1 {[%clk 1:05:55]}  Nf8 {[%clk 0:51:44]} 17. Ne5 {[%clk 0:59:06]}  Ng6 {[%clk 0:48:16]} 18. Bg5 {[%clk 0:36:56]}  cxd4 {[%clk 0:45:21]} 19. Nxg6 {[%clk 0:36:46]}  hxg6 {[%clk 0:45:11]} 20. Rxd4 {[%clk 0:31:53]}  Rxd4 {[%clk 0:45:19]} 21. Rxd4 {[%clk 0:32:13]}  Rd8 {[%clk 0:43:48]} 22. Rxd8+ {[%clk 0:25:38]}  Qxd8 {[%clk 0:42:28]} 23. h4 {[%clk 0:25:46]}  Ne8 {[%clk 0:22:09]} 24. Bxe7 {[%clk 0:19:43]}  Qxe7 {[%clk 0:22:28]} 25. h5 {[%clk 0:20:08]}  gxh5 {[%clk 0:15:59]} 26. Nxh5 {[%clk 0:15:48]}  Qg5 {[%clk 0:14:34]} 27. f4 {[%clk 0:15:56]}  Qc5+ {[%clk 0:13:31]} 28. Kh2 {[%clk 0:15:43]}  Nf6 {[%clk 0:10:40]} 29. Nxf6+ {[%clk 0:14:49]}  gxf6 {[%clk 0:11:06]} 30. b4 {[%clk 0:14:45]}  Qd4 {[%clk 0:10:36]} 31. Kg3 {[%clk 0:12:17]}  f5 {[%clk 0:09:37]} 32. Qd3 {[%clk 0:12:18]}  Qg7+ {[%clk 0:09:56]} 33. Kf2 {[%clk 0:11:32]}  Qxg2+ {[%clk 0:10:07]} 34. Ke1 {[%clk 0:11:49]}  Qg1+ {[%clk 0:06:28]} 35. Kd2 {[%clk 0:10:20]}  Qf2+ {[%clk 0:06:15]} 36. Kc3 {[%clk 0:10:46]}  Qxf4 {[%clk 0:06:20]} 37. Kb3 {[%clk 0:08:48]}  Qf3 {[%clk 0:05:35]} 38. c5 {[%clk 0:08:53]}  Kf8 {[%clk 0:03:35]} 39. Ka4 {[%clk 0:08:29]}  Qxd3 {[%clk 0:01:13]} 40. Bxd3 {[%clk 0:08:51]}  bxc5 {[%clk 0:00:42]} 41. bxc5 {[%clk 0:08:54]}  Ke7 {[%clk 0:00:50]} 42. Bb5 {[%clk 0:08:57]}  a6 {[%clk 0:00:42]} 43. Be2 {[%clk 0:08:48]}  Kd7 {[%clk 0:00:35]} 44. Ka5 {[%clk 0:09:10]}  Kc7 {[%clk 0:00:52]} 45. a4 {[%clk 0:09:23]}  f4 {[%clk 0:00:48]} 46. Kb4 {[%clk 0:06:22]}  f3 {[%clk 0:00:58]} 47. Bf1 {[%clk 0:06:45]}  e5 {[%clk 0:29:10]} 48. a5 {[%clk 0:36:12]}  e4 {[%clk 0:28:50]} 49. Kc3 {[%clk 0:36:04]}  e3 {[%clk 0:28:26]} 50. Bd3 {[%clk 0:34:59]}  e2 {[%clk 0:24:39]} 51. Kd2 {[%clk 0:35:03]}  Kd7 {[%clk 0:24:12]} 52. Ke1 {[%clk 0:35:12]}  Ke6 {[%clk 0:23:44]} 53. Bc4+ {[%clk 0:35:15]}  Ke5 {[%clk 0:23:56]} 54. Bxf7 {[%clk 0:35:06]}  Kd4 {[%clk 0:23:49]} 55. Bg6 {[%clk 0:35:25]}  Ke3 {[%clk 0:23:46]} 0-1

[Event "45th FIDE Chess Olympiad Open"]
[Site "Budapest, Hungary"]
[Date "2024.09.21"]
[Round "10"]
[White "Mahendra Gurung"]
[Black "Bongo Akanga Ndjila, Barthelemy"]
[Result "1-0"]
[Board "334"]
[WhiteFideId "17501300"]
[BlackFideId "10609431"]
[BlackTitle "CM"]
[WhiteElo "1725"]
[BlackElo "1894"]
[WhiteTeam "Bhutan"]
[BlackTeam "Gabon"]
[WhiteClock "1:26:31"]
[BlackClock "0:26:14"]
[Variant "Standard"]

1. e4 {[%clk 1:30:57]}  e6 {[%clk 1:30:55]} 2. d4 {[%clk 1:31:17]}  d5 {[%clk 1:31:20]} 3. e5 {[%clk 1:31:07]}  c5 {[%clk 1:31:43]} 4. Nf3 {[%clk 1:31:13]}  Nc6 {[%clk 1:32:08]} 5. Bb5 {[%clk 1:31:12]}  Qa5+ {[%clk 1:30:57]} 6. Nc3 {[%clk 1:31:22]}  Bd7 {[%clk 1:31:05]} 7. Bxc6 {[%clk 1:31:20]}  Bxc6 {[%clk 1:31:24]} 8. O-O {[%clk 1:31:33]}  c4 {[%clk 1:26:57]} 9. a3 {[%clk 1:31:41]}  b5 {[%clk 1:27:08]} 10. Ne2 {[%clk 1:30:40]}  Qc7 {[%clk 1:25:52]} 11. c3 {[%clk 1:30:50]}  a5 {[%clk 1:26:04]} 12. Bf4 {[%clk 1:30:52]}  Rb8 {[%clk 1:26:04]} 13. h3 {[%clk 1:30:31]}  Ne7 {[%clk 1:25:07]} 14. Ng3 {[%clk 1:29:45]}  h5 {[%clk 1:15:06]} 15. Nh4 {[%clk 1:25:03]}  g6 {[%clk 1:15:23]} 16. Bg5 {[%clk 1:25:12]}  Nc8 {[%clk 1:14:17]} 17. Bf6 {[%clk 1:24:57]}  Rh7 {[%clk 1:14:30]} 18. Nf3 {[%clk 1:24:57]}  Nb6 {[%clk 1:14:09]} 19. Ng5 {[%clk 1:24:55]}  Rh6 {[%clk 1:14:34]} 20. h4 {[%clk 1:24:12]}  Na4 {[%clk 1:14:53]} 21. Qd2 {[%clk 1:24:26]}  b4 {[%clk 1:15:05]} 22. Rfc1 {[%clk 1:20:41]}  bxc3 {[%clk 1:15:26]} 23. bxc3 {[%clk 1:20:58]}  Rb3 {[%clk 1:14:09]} 24. Ne2 {[%clk 1:19:32]}  Nb6 {[%clk 1:06:10]} 25. Rcb1 {[%clk 1:19:19]}  Nd7 {[%clk 1:00:21]} 26. Rxb3 {[%clk 1:16:11]}  cxb3 {[%clk 1:00:41]} 27. a4 {[%clk 1:16:17]}  Nxf6 {[%clk 1:01:06]} 28. exf6 {[%clk 1:16:26]}  Qd7 {[%clk 0:59:25]} 29. Qd3 {[%clk 1:16:15]}  Bd6 {[%clk 0:52:46]} 30. Qa6 {[%clk 1:12:42]}  Bc7 {[%clk 0:53:04]} 31. Nf3 {[%clk 1:08:20]}  Bb7 {[%clk 0:21:51]} 32. Qa7 {[%clk 1:06:42]}  Bc8 {[%clk 0:15:55]} 33. Qa8 {[%clk 1:06:41]}  Kd8 {[%clk 0:09:03]} 34. Ne5 {[%clk 1:06:54]}  Bxe5 {[%clk 0:09:22]} 35. dxe5 {[%clk 1:07:08]}  Qc7 {[%clk 0:09:07]} 36. f4 {[%clk 1:06:17]}  Qc5+ {[%clk 0:09:10]} 37. Kh2 {[%clk 1:05:11]}  Rh8 {[%clk 0:08:19]} 38. Qb8 {[%clk 1:04:13]}  Kd7 {[%clk 0:06:26]} 39. Nd4 {[%clk 1:03:23]}  Rd8 {[%clk 0:04:52]} 40. Nxb3 {[%clk 1:03:18]}  Qc6 {[%clk 0:03:36]} 41. Nxa5 {[%clk 1:03:04]}  Qc5 {[%clk 0:02:47]} 42. Nb3 {[%clk 1:01:17]}  Qc6 {[%clk 0:29:13]} 43. Qb4 {[%clk 1:30:44]}  Kc7 {[%clk 0:28:25]} 44. Rb1 {[%clk 1:30:43]}  Ba6 {[%clk 0:28:32]} 45. Na5 {[%clk 1:29:23]}  Qa8 {[%clk 0:26:02]} 46. Qc5+ {[%clk 1:29:11]}  Kd7 {[%clk 0:26:14]} 47. Rb6 {[%clk 1:26:31]} 1-0

[Event "45th FIDE Chess Olympiad Open"]
[Site "Budapest, Hungary"]
[Date "2024.09.21"]
[Round "10"]
[White "Sihlongonyane, Sikhanyiso"]
[Black "Kim, Sanker"]
[Result "1-0"]
[Board "337"]
[WhiteFideId "20700784"]
[BlackFideId "15800237"]
[WhiteTitle "CM"]
[WhiteElo "1813"]
[BlackElo "1564"]
[WhiteTeam "Eswatini"]
[BlackTeam "Cambodia"]
[WhiteClock "0:19:29"]
[BlackClock "0:06:16"]
[Variant "Standard"]

1. e4 {[%clk 1:30:54]}  Nc6 {[%clk 1:30:56]} 2. Nf3 {[%clk 1:31:16]}  e5 {[%clk 1:31:11]} 3. Bb5 {[%clk 1:31:39]}  a6 {[%clk 1:31:24]} 4. Ba4 {[%clk 1:32:07]}  Nf6 {[%clk 1:31:38]} 5. O-O {[%clk 1:32:29]}  d6 {[%clk 1:30:46]} 6. c3 {[%clk 1:31:03]}  b5 {[%clk 1:28:41]} 7. Bc2 {[%clk 1:29:37]}  Bg4 {[%clk 1:28:10]} 8. h3 {[%clk 1:29:54]}  Bh5 {[%clk 1:27:10]} 9. Re1 {[%clk 1:29:43]}  Be7 {[%clk 1:25:46]} 10. d3 {[%clk 1:30:06]}  h6 {[%clk 1:24:33]} 11. Nbd2 {[%clk 1:30:29]}  O-O {[%clk 1:24:27]} 12. Nf1 {[%clk 1:30:53]}  Qd7 {[%clk 1:20:25]} 13. Ng3 {[%clk 1:31:15]}  Bg6 {[%clk 1:18:53]} 14. Nh4 {[%clk 1:31:36]}  Bh7 {[%clk 1:19:04]} 15. Nhf5 {[%clk 1:31:57]}  Bd8 {[%clk 1:14:48]} 16. Be3 {[%clk 1:31:58]}  Ne7 {[%clk 1:14:15]} 17. Qf3 {[%clk 1:27:25]}  Nxf5 {[%clk 1:12:51]} 18. Nxf5 {[%clk 1:27:50]}  Bxf5 {[%clk 1:13:01]} 19. exf5 {[%clk 1:28:14]}  d5 {[%clk 1:10:49]} 20. Rad1 {[%clk 1:24:52]}  c6 {[%clk 1:09:06]} 21. Bc1 {[%clk 1:24:20]}  Bc7 {[%clk 1:06:02]} 22. g4 {[%clk 1:20:30]}  Nh7 {[%clk 0:59:44]} 23. h4 {[%clk 1:11:31]}  f6 {[%clk 0:49:09]} 24. Kg2 {[%clk 1:07:39]}  Rfe8 {[%clk 0:44:54]} 25. Qh3 {[%clk 1:03:17]}  Qe7 {[%clk 0:41:56]} 26. Rh1 {[%clk 1:01:20]}  Rad8 {[%clk 0:40:07]} 27. Rdg1 {[%clk 0:56:47]}  c5 {[%clk 0:38:53]} 28. Kf1 {[%clk 0:52:34]}  Rd6 {[%clk 0:26:07]} 29. g5 {[%clk 0:42:59]}  h5 {[%clk 0:20:34]} 30. g6 {[%clk 0:41:40]}  Nf8 {[%clk 0:20:54]} 31. Qf3 {[%clk 0:40:24]}  e4 {[%clk 0:19:35]} 32. dxe4 {[%clk 0:40:47]}  dxe4 {[%clk 0:19:55]} 33. Qxh5 {[%clk 0:41:02]}  Rd5 {[%clk 0:18:39]} 34. Rg4 {[%clk 0:33:32]}  Qd7 {[%clk 0:18:20]} 35. Rxe4 {[%clk 0:11:19]}  Rxf5 {[%clk 0:12:35]} 36. Qe2 {[%clk 0:07:33]}  Rxe4 {[%clk 0:10:03]} 37. Qxe4 {[%clk 0:07:55]}  Re5 {[%clk 0:10:05]} 38. Qf3 {[%clk 0:08:05]}  Qe6 {[%clk 0:08:06]} 39. Kg2 {[%clk 0:05:54]}  Qxa2 {[%clk 0:02:58]} 40. Be4 {[%clk 0:03:33]}  Qe6 {[%clk 0:02:12]} 41. Bc2 {[%clk 0:02:22]}  Qd5 {[%clk 0:00:49]} 42. Bf4 {[%clk 0:29:02]}  Qxf3+ {[%clk 0:29:50]} 43. Kxf3 {[%clk 0:28:17]}  Re7 {[%clk 0:29:29]} 44. Bxc7 {[%clk 0:28:40]}  Rxc7 {[%clk 0:29:54]} 45. Rd1 {[%clk 0:28:24]}  Rd7 {[%clk 0:20:08]} 46. Re1 {[%clk 0:25:40]}  a5 {[%clk 0:18:22]} 47. Re8 {[%clk 0:25:53]}  Rd5 {[%clk 0:14:32]} 48. Be4 {[%clk 0:25:16]}  Re5 {[%clk 0:14:25]} 49. Rd8 {[%clk 0:25:24]}  a4 {[%clk 0:09:47]} 50. Bc6 {[%clk 0:20:21]}  c4 {[%clk 0:08:48]} 51. Be8 {[%clk 0:20:08]}  Rf5+ {[%clk 0:06:16]} 52. Kg2 {[%clk 0:19:29]} 1-0